000 00936nas a2200301 4500
001 BR0809880
003 BR-BrBNA
005 20231205112806.0
007 ta
008 230509b bl.|||p| |||| 00| 00por d
040 _aBR-BrBNA
_bpor
_cBiblioteca Nacional de Agricultura
041 _a(Pt)
072 _aL01
100 1 _aLima, L.M.B.
100 1 _aLara, L.J.C.
100 1 _aBaião, N.C.
100 1 _aCançado, S. de V.
100 1 _aMichell, B.C.
100 1 _aFerreira, F.C.
245 1 _aEfeitos dos níveis de energia, lisina e metionina + cistina sobre o desempenho e o rendimento de carcaça de frangos de corte
650 _aAMINOÁCIDO
650 _aFRANGO DE CORTE
650 _aPERFORMANCE
650 _aCARCAÇA
773 0 _tRevista Brasileira de Zootecnia (Brazil)
_xISSN 1516-3598
_g(Aug 2008), v. 37(8) p. 1424-1432
_wBR0809880
909 _a202311
_bLúcia
_c55
_dLúcia Elande
942 _2AGRIS
_n0
_cANA
999 _c200013
_d200013